00374nam a22001337a 450000500170000000800410001704100120005808200120007010000130008224500410009526000460013630000320018265000260021420240701120624.0240701b |||||||| |||| 00| 0 eng d aEnglish a349 ANN lEnglish  aAnnual Survey for South African Law  aCape Town: bJuta and Company Ltd, c1979 bxlvii, 573 pages; c25 cm.  aLegal practice bLaw